| 000 | 01172nam a2200229Ia 4500 | ||
|---|---|---|---|
| 003 | Ost | ||
| 005 | 20260507075649.0 | ||
| 008 | 260507s9999||||xx |||||||||||||| ||und|| | ||
| 040 | _cfsecg | ||
| 041 | _aara | ||
| 082 | _a658.403 | ||
| 100 |
_aياسين، سعد غالب _eمؤلف |
||
| 245 | 0 |
_aنظم المعلومات الإدارية / _c سعد غالب ياسين |
|
| 260 |
_aعمان: _bدار اليازوري العلمية للنشر والتوزيع, _c2003 |
||
| 300 |
_a204 صفحة؛ _bإيضاحات ؛ _c24 سم |
||
| 520 | _aمدخل النظم وأنظمة المعلومات الإدارية- أنواع أنظمة المعلومات وعلاقتها بنظم المعلومات الإدارية- الاسس النظرية لنظم المعلومات الإدارية- الأسس التقنية لنظم المعلومات الإدارية- هيكل تصميم وتطبيق نظام المعلومات الإدارية. | ||
| 653 | _aإدارة الاعمال | ||
| 653 | _aالإدارة | ||
| 653 | _aنظم المعلومات الإدارية | ||
| 653 | _aنظم المعلومات- المؤسسة الممتدة | ||
| 942 | _cكتاب | ||
| 999 |
_c45543 _d45543 |
||